000 00273 a2200097 4500
020 _a9789360863937
100 _aGagan Gill
245 _aThapak thapak dil thapak thapak(थपक थपक दिल थपक थपक)
260 _bRajkamal prakashan
_c2024
942 _cOO
999 _c116315
_d116314